<?xml version="1.0" encoding="UTF-8"?>
<record
    xmlns:xsi="http://www.w3.org/2001/XMLSchema-instance"
    xsi:schemaLocation="http://www.loc.gov/MARC21/slim http://www.loc.gov/standards/marcxml/schema/MARC21slim.xsd"
    xmlns="http://www.loc.gov/MARC21/slim">

  <leader>02455cam a22004094a 4500</leader>
  <datafield tag="999" ind1=" " ind2=" ">
    <subfield code="c">330967</subfield>
    <subfield code="d">330967</subfield>
  </datafield>
  <controlfield tag="001">16450038</controlfield>
  <controlfield tag="003">NUST</controlfield>
  <controlfield tag="005">20180117090029.0</controlfield>
  <controlfield tag="008">100908s2011    caua     b    001 0 eng d</controlfield>
  <datafield tag="010" ind1=" " ind2=" ">
    <subfield code="a">  2010936663</subfield>
  </datafield>
  <datafield tag="020" ind1=" " ind2=" ">
    <subfield code="a">9781849207812</subfield>
  </datafield>
  <datafield tag="020" ind1=" " ind2=" ">
    <subfield code="a">184920781X</subfield>
  </datafield>
  <datafield tag="020" ind1=" " ind2=" ">
    <subfield code="a">1849207801</subfield>
  </datafield>
  <datafield tag="020" ind1=" " ind2=" ">
    <subfield code="a">9781849207805</subfield>
  </datafield>
  <datafield tag="035" ind1=" " ind2=" ">
    <subfield code="a">(OCoLC)ocn681498362</subfield>
  </datafield>
  <datafield tag="040" ind1=" " ind2=" ">
    <subfield code="a">BTCTA</subfield>
    <subfield code="b">eng</subfield>
    <subfield code="c">BTCTA</subfield>
    <subfield code="d">YDXCP</subfield>
    <subfield code="d">NLE</subfield>
    <subfield code="d">UPP</subfield>
    <subfield code="d">CDX</subfield>
    <subfield code="d">TXA</subfield>
    <subfield code="d">AZU</subfield>
    <subfield code="d">LHU</subfield>
    <subfield code="d">DLC</subfield>
  </datafield>
  <datafield tag="041" ind1="1" ind2=" ">
    <subfield code="a">eng</subfield>
    <subfield code="h">ger</subfield>
  </datafield>
  <datafield tag="042" ind1=" " ind2=" ">
    <subfield code="a">lccopycat</subfield>
  </datafield>
  <datafield tag="050" ind1="0" ind2="0">
    <subfield code="a">H62</subfield>
    <subfield code="b">.F45713 2011</subfield>
  </datafield>
  <datafield tag="082" ind1="0" ind2="4">
    <subfield code="a">001.42</subfield>
    <subfield code="2">22</subfield>
  </datafield>
  <datafield tag="100" ind1="1" ind2=" ">
    <subfield code="a">Flick, Uwe,</subfield>
    <subfield code="d">1956-</subfield>
    <subfield code="9">4227</subfield>
  </datafield>
  <datafield tag="240" ind1="1" ind2="0">
    <subfield code="a">Sozialforschung.</subfield>
    <subfield code="l">English</subfield>
  </datafield>
  <datafield tag="245" ind1="1" ind2="0">
    <subfield code="a">Introducing research methodology :</subfield>
    <subfield code="b">a beginner's guide to doing a research project /</subfield>
    <subfield code="c">Uwe Flick.</subfield>
  </datafield>
  <datafield tag="260" ind1=" " ind2=" ">
    <subfield code="a">Thousand Oaks, Calif. :</subfield>
    <subfield code="b">Sage Publications,</subfield>
    <subfield code="c">c2011.</subfield>
  </datafield>
  <datafield tag="300" ind1=" " ind2=" ">
    <subfield code="a">xx, 271 p. :</subfield>
    <subfield code="b">ill. ;</subfield>
    <subfield code="c">23 cm.</subfield>
  </datafield>
  <datafield tag="504" ind1=" " ind2=" ">
    <subfield code="a">Includes bibliographical references (p. [256]-263) and index.</subfield>
  </datafield>
  <datafield tag="505" ind1="0" ind2=" ">
    <subfield code="a">PART ONE: ORIENTATION -- Why Social Research? -- From Research Idea to Research Question -- Reading and Reviewing the Literature -- PART TWO: PLANNING AND DESIGN -- Planning Social Research: Steps of the Research Process -- Designing Social Research -- Deciding Your Methods -- PART THREE: WORKING WITH DATA -- Gathering Data: Quantitative and Qualitative Approaches -- Analyzing Quantitative and Qualitative Data -- E-Research: Doing Social Research Online -- Integrated Social Research: Combination of Different Approaches -- PART FOUR: REFLECTION AND WRITING -- What Is Good Research? Evaluating Your Research Project -- Ethical Issues in Social Research -- Writing Research and Using Results</subfield>
  </datafield>
  <datafield tag="520" ind1="8" ind2=" ">
    <subfield code="a">'Introducing Research Methodology' gives readers the fundamental data collection and analysis skills that they need for their first project, as well as a good understanding of the research process as a whole.</subfield>
  </datafield>
  <datafield tag="534" ind1=" " ind2=" ">
    <subfield code="p">Originally published in German: Reinbek bei Hamburg : Rowohlt Verlag, c2009,</subfield>
    <subfield code="n">under title:</subfield>
    <subfield code="t">Sozialforschung : Methoden und Anwendungen.</subfield>
  </datafield>
  <datafield tag="650" ind1=" " ind2="0">
    <subfield code="a">Social sciences</subfield>
    <subfield code="x">Research.</subfield>
    <subfield code="9">3653</subfield>
  </datafield>
  <datafield tag="650" ind1=" " ind2="0">
    <subfield code="a">Research</subfield>
    <subfield code="x">Methodology.</subfield>
    <subfield code="9">3652</subfield>
  </datafield>
  <datafield tag="906" ind1=" " ind2=" ">
    <subfield code="a">7</subfield>
    <subfield code="b">cbc</subfield>
    <subfield code="c">copycat</subfield>
    <subfield code="d">2</subfield>
    <subfield code="e">ncip</subfield>
    <subfield code="f">20</subfield>
    <subfield code="g">y-gencatlg</subfield>
  </datafield>
  <datafield tag="942" ind1=" " ind2=" ">
    <subfield code="2">ddc</subfield>
    <subfield code="c">BK</subfield>
  </datafield>
  <datafield tag="952" ind1=" " ind2=" ">
    <subfield code="0">0</subfield>
    <subfield code="1">0</subfield>
    <subfield code="2">ddc</subfield>
    <subfield code="4">0</subfield>
    <subfield code="7">0</subfield>
    <subfield code="8">CS</subfield>
    <subfield code="a">CL</subfield>
    <subfield code="b">CL</subfield>
    <subfield code="c">CS</subfield>
    <subfield code="d">2017-08-25</subfield>
    <subfield code="l">4</subfield>
    <subfield code="o">001.42 FLI</subfield>
    <subfield code="p">S3H-C-26</subfield>
    <subfield code="r">2024-11-30</subfield>
    <subfield code="s">2024-09-25</subfield>
    <subfield code="w">2017-08-25</subfield>
    <subfield code="y">BK</subfield>
  </datafield>
</record>
